| 000 | 02173nam a22003257a 4500 | ||
|---|---|---|---|
| 999 |
_c57732 _d57732 |
||
| 003 | Ge_BSU | ||
| 005 | 20201019133453.0 | ||
| 008 | 201019s2019 ge ||||| |||| 00| 0 geo d | ||
| 020 | _a9789941811319 | ||
| 041 | _ageo | ||
| 080 | _a342(479.22) შ-52 | ||
| 245 |
_aშესავალი საქართველოს საკონსტიტუციო სამართალში / _cავტორები: დიმიტრი გეგენავა, თამარ პაპაშვილი, ქეთევან ვარდოსანიძე [და სხვ.] ; დიმიტრი გეგენავას რედაქტორობით |
||
| 264 |
_aთბილისი : _bსულხან-საბა ორბელიანის უნ-ტის გამ-ბა, _c2019. |
||
| 300 |
_a380 გვ. ; _b24 სმ. |
||
| 504 | _aბიბლიოგრაფია ტექსტის შენიშვნებში და გვ. 364-380. | ||
| 653 | _aსაქართველოს საკონსტიტუციო სამართალი | ||
| 653 | _aსამართალი | ||
| 700 |
_aგეგენავა, დიმიტრი _e წინათქმის ავტორი, რედაქტორი _99614 |
||
| 700 |
_aპაპაშვილი, თამარ _eავტორი _99615 |
||
| 700 |
_aვარდოსანიძე, ქეთევან _eავტორი _99616 |
||
| 700 |
_aგორაძე, გიორგი _eავტორი _92809 |
||
| 700 |
_aბრეგაძე, რატი _eავტორი _99617 |
||
| 700 |
_aთევზაძე, თენგიზ _eავტორი _99618 |
||
| 700 |
_aცანავა, ლანა _eავტორი _97638 |
||
| 700 |
_aჯავახიშვილი, პაატა _eავტორი _97899 |
||
| 700 |
_aმაჭარაძე, ზურაბ _eავტორი _98184 |
||
| 700 |
_aსიორიძე, გიორგი _eავტორი _99619 |
||
| 700 |
_aლოლაძე, ბესიკ _eავტორი _98130 |
||
| 942 |
_2udc _cBK |
||